000 00580nam a2200193Ia 4500
003 OSt
005 20200925150556.0
008 190216s9999||||xx |||||||||||||| ||und||
020 _a9788123914824
040 _coclc
082 _a572.86
_bRAS/B
100 _aRastogi, S C
_94134
245 0 _aBioinformatics Concepts,Skills & Applications /
_cS C Rastogi ; Namita Mendiratta ; Parag Rastogi
250 _a2nd Ed.
260 _bCbs Publishers,
_c2008.
_aNew Delhi:
300 _a426p
650 _aBotany
942 _cBK
_2ddc
_h572.86
_iRAS/B
_k572.86
_mRAS/B
999 _c1807
_d1807